Leges ecclesiae: post Codicem iuris canonici editae
Spremljeno u:
| Autor kompanije: | |
|---|---|
| Format: | Knjiga |
| Jezik: | latinski talijanski |
| Izdano: |
Roma
EDIURCLA
1998
|
| Teme: | |
| Oznake: |
Dodaj oznaku
Bez oznaka, Budi prvi tko označuje ovaj zapis!
|
MARC
| LEADER | 00000nam a2200000 a 4500 | ||
|---|---|---|---|
| 001 | UCJ9157 | ||
| 003 | CL-VaPUC | ||
| 008 | 070309e19980000IT |||||||||||||||||lat|d | ||
| 020 | |a 8885081142v.8 | ||
| 041 | 0 | 7 | |a lat |2 CL-VaPUC |
| 041 | 0 | 7 | |a ita |2 CL-VaPUC |
| 082 | 0 | 4 | |a 262.9 |b INS |2 21 |
| 110 | 2 | |a Institutum Iuridicum Claretianum |e author |9 519047 | |
| 245 | 1 | 0 | |a Leges ecclesiae: post Codicem iuris canonici editae |
| 300 | |a v | ||
| 942 | |c BK | ||
| 945 | |d 20070309 00:00:00 |a cmena | ||
| 260 | |a Roma |b EDIURCLA |c 1998 | ||
| 500 | |a v.8: Leges annis 1986-1995 editae | ||
| 650 | 7 | |a DERECHO CANONICO |2 CL-VaPUC |9 519048 | |
| 650 | 7 | |a CODIGO CANONICO |2 CL-VaPUC |9 519049 | |
| 650 | 0 | |a Documentos pontificios |9 255642 | |
| 650 | 0 | |a Derecho eclesiástico |9 255055 | |
| 583 | |a last modification |c 20070309 00:00:00 |k Rodrigo Vera | ||
| 999 | |c 324744 |d 324742 | ||
| 952 | |0 0 |1 0 |4 0 |6 262_900000000000000_INS_1998 |7 0 |8 DER_HDC |9 405086 |a BIBDER |b BIBDER |d 2019-11-22 |h v.8 |i 4323106 |o 262.9 INS 1998 |p 4323106 |r 2023-01-25 |w 2019-11-22 |x Ubicación 4to Piso |y BK |z Estos recursos deben solicitarse con anticipación |k DER | ||